Central Library OPAC University of Rajshahi

Language : (Record no. 63393)

MARC details
000 -LEADER
fixed length control field 00874nam a2200277 a 4500
001 - CONTROL NUMBER
control field 63393
003 - CONTROL NUMBER IDENTIFIER
rucl marc code BD-RjUL
005 - DATE AND TIME OF LATEST TRANSACTION
control field 20211209081207.0
008 - FIXED-LENGTH DATA ELEMENTS--GENERAL INFORMATION
fixed length control field 170130s1977 nyua b 000 0 eng d
020 ## - INTERNATIONAL STANDARD BOOK NUMBER
International Standard Book Number 0312467958
035 ## - SYSTEM CONTROL NUMBER
System control number (BD-RjUL)63522
040 ## - CATALOGING SOURCE
Original cataloging agency BD-RjUL
Language of cataloging eng
Transcribing agency BD-RjUL
Modifying agency BD-RjUL
041 ## - LANGUAGE CODE
Language code of text/sound track or separate title eng
082 ## - DEWEY DECIMAL CLASSIFICATION NUMBER
Edition number 23
Classification number 400
Author mark and year CLL 1977
100 1# - MAIN ENTRY--PERSONAL NAME
Personal name Clark, Virginia P.
9 (RLIN) 188629
245 10 - TITLE STATEMENT
Title Language :
Remainder of title introductory readings /
Statement of responsibility, etc. Virginia P. Clark, Paul A. Eschhol and Alfred F. Rosa, editors ; University of Vermont.
250 ## - EDITION STATEMENT
Edition statement 2nd ed.
260 ## - PUBLICATION, DISTRIBUTION, ETC. (IMPRINT)
Place of publication, distribution, etc. New York :
Name of publisher, distributor, etc. St. Martin's Press,
Date of publication, distribution, etc. c1977.
300 ## - PHYSICAL DESCRIPTION
Pagination [8],532 p :
Illustrations ill. ;
Size 23 cm.
504 ## - BIBLIOGRAPHY, ETC. NOTE
Bibliography, etc Includes bibliographies.
650 #0 - SUBJECT ADDED ENTRY--TOPICAL TERM
Topical term or geographic name as entry element Language and languages.
9 (RLIN) 181890
Topical term or geographic name as entry element Linguistics.
9 (RLIN) 181595
700 1# - ADDED ENTRY--PERSONAL NAME
Personal name Eschholz, Paul A.
Personal name Rosa, Alfred F.
942 ## - ADDED ENTRY ELEMENTS (KOHA)
Source of classification or shelving scheme Dewey Decimal Classification
Koha item type Books
Holdings
Lost status Source of classification or shelving scheme Damaged status Not for loan Collection code Permanent Location Current Location Shelving location Date acquired Source of acquisition Total Checkouts Full call number Date last seen Copy number Koha item type
  Dewey Decimal Classification   Not For Loan Non-fiction Central Library, University of Rajshahi Central Library, University of Rajshahi Reading Room 01/04/1991 Asia Foundation   400 CLL 1977 30/01/2017 C-1 Books
  Dewey Decimal Classification     Non-fiction Central Library, University of Rajshahi Central Library, University of Rajshahi   11/12/2019 Asia Foundation , U.S.A.   400 CLL 1977 11/12/2019 C-2 Books